| 000 | 01239cam a2200289 a 4500 | ||
|---|---|---|---|
| 005 | 20160303110631.0 | ||
| 008 | 981120s1998 ck ab r 00010 spa d | ||
| 020 | _a9586017842 | ||
| 040 |
_ala _cla _dCO-BoIAVH |
||
| 041 | 0 | _aspa | |
| 044 | _ack | ||
| 082 | 0 | 4 |
_a303.44 _bC65i |
| 110 | 2 |
_aColombia. _bDepartamento Nacional de Planeación. |
|
| 245 | 1 | 0 |
_aInforme de desarrollo humano para Colombia 1998 / _cCoordinadores Alfredo Sarmiento Gómez, Clara Ramírez Gómez. |
| 250 | _aEdición Margarita Marín. | ||
| 260 |
_a[Santa Fe de Bogotá] : _bTercer Mundo Editores, Departamento Nacional de Planeación, _c1998. |
||
| 300 |
_axiv, 169 páginas : _bIlustraciones, mapas; _c26 x 21 cm. |
||
| 504 | _aIncluye referencias bibliográficas: página [165]-169 | ||
| 650 | 1 | 6 |
_aDesarrollo comunitario _z Colombia _y 1998 _v Informes. |
| 650 | 2 | 6 |
_aNecesidades básicas _z Colombia _y 1998 _v Informes. |
| 650 | 2 | 6 |
_aDesarrollo humano _z Colombia _y 1998 _v Informes. |
| 651 | 2 | 6 |
_aColombia _x Condiciones sociales _y 1998 _v Informes. |
| 700 | 1 | _aSarmiento Gómez, Alfredo. | |
| 700 | 1 | _aRamírez Gómez, Clara. | |
| 700 | 1 |
_aMarín, Margarita, _eEditora |
|
| 942 |
_2ddc _cLIBRO |
||
| 999 |
_c1931 _d1931 |
||